000 00706nam a22001937a 4500
003 OSt
005 20150408113835.0
008 110628t xxu||||| |||| 00| 0 eng d
020 _a9789957332082
040 _amu
_bara
_cmb
082 _221
_a341
_bل ا ق
100 _aلوكاشوك، إ. إ
_9629
245 _aالقانون الدولي العام
_bالجزء الخاص
_cإ إ لوكاشوك؛ ترجمة محمد حسين القضاة
260 _aعمان
_bمؤسسة الوراق للنشر والتوزيع
_c2010
300 _a303 ص
_c24 سم
650 _aالقانون الدولي العام
_9627
700 _aالقضاة، محمد حسين
_eترجمة
_9630
942 _2ddc
_cBOOK
999 _c8708
_d243208